Central Library || Chittagong University

Parties and the government al System : (Record no. 112253)

MARC details
000 -LEADER
fixed length control field 00507nam a22001697a 4500
003 - CONTROL NUMBER IDENTIFIER
control field BD-ChCU
005 - DATE AND TIME OF LATEST TRANSACTION
control field 20260419095150.0
008 - FIXED-LENGTH DATA ELEMENTS--GENERAL INFORMATION
fixed length control field 260419b bg ||||| |||| 00| 0 ben d
040 ## - CATALOGING SOURCE
Transcribing agency BD-ChCU
082 ## - DEWEY DECIMAL CLASSIFICATION NUMBER
Classification number 329.02 THP
100 ## - MAIN ENTRY--PERSONAL NAME
Personal name Thumm , Garold W.
9 (RLIN) 21577
245 ## - TITLE STATEMENT
Title Parties and the government al System :
Remainder of title a book of reading ./
Statement of responsibility, etc. Garold W. Thumm .
260 ## - PUBLICATION, DISTRIBUTION, ETC.
Place of publication, distribution, etc. Engle wood Cliffs :
Name of publisher, distributor, etc. Prentice - Hall
Date of publication, distribution, etc. C 1967
300 ## - PHYSICAL DESCRIPTION
Extent xiv , 286p.
650 #0 - SUBJECT ADDED ENTRY--TOPICAL TERM
Topical term or geographic name entry element Political Parties .
9 (RLIN) 21580
942 ## - ADDED ENTRY ELEMENTS (KOHA)
Source of classification or shelving scheme Dewey Decimal Classification
Koha item type Books
Suppress in OPAC No
Holdings
Withdrawn status Lost status Source of classification or shelving scheme Damaged status Not for loan Home library Current library Shelving location Date acquired Source of acquisition Total Checkouts Full call number Barcode Date last seen Copy number Price effective from Koha item type
    Dewey Decimal Classification     Chittagong University Library Chittagong University Library Business and Social Science Reading Room 04/19/2026 Purchase   329.02 THP 55959 04/19/2026 C-1 04/19/2026 Books
    Dewey Decimal Classification     Chittagong University Library Chittagong University Library Business and Social Science Reading Room 04/19/2026 Purchase   329.02 THP 55960 04/19/2026 C-2 04/19/2026 Books
    Dewey Decimal Classification     Chittagong University Library Chittagong University Library Business and Social Science Reading Room 04/19/2026 Purchase   329.02 THP 55961 04/19/2026 C-3 04/19/2026 Books
    Dewey Decimal Classification     Chittagong University Library Chittagong University Library Business and Social Science Reading Room 04/19/2026 Purchase   329.02 THP 55962 04/19/2026 C-4 04/19/2026 Books
    Dewey Decimal Classification     Chittagong University Library Chittagong University Library Business and Social Science Reading Room 04/19/2026 Purchase   329.02 THP 55963 04/19/2026 C-5 04/19/2026 Books
© Copyright 2026. Chittagong University Library, Installation and Maintenance by Prof. Dr. Md. Alamgir, 01711306253